LEADER 01021nam a22002291i 4500 001 991000566519707536 005 20030225113731.0 008 021017s1951 it |||||||||||||||||ita 035 $ab12023504-39ule_inst 035 $aARCHE-011330$9ExL 040 $aDip.to Filologia Ling. e Lett.$bita$cA.t.i. Arché s.c.r.l. Pandora Sicilia s.r.l. 100 1 $aLi Gotti, Ettore$0182509 245 10$aVolgare nostro siculo :$bcrestomazia dei testi in antico siciliano del secolo 14. Parte 1., Testi non letterari /$ca cura di Ettore Li Gotti 260 $aFirenze :$bLa Nuova Italia,$c1951 300 $aXXIV, 194 p. ;$c16 cm 490 0$aBiblioteca di studi superiori.$pFilologia italiana e romanza ;$v17 907 $a.b12023504$b28-04-17$c01-04-03 912 $a991000566519707536 945 $aLE008 FL.M. (f.r.) XXII A 328$g1$i2008000509767$lle008$o-$pE0.00$q-$rl$sm $t0$u0$v0$w0$x0$y.i12312484$z01-04-03 996 $aVolgare nostro siculo$9142556 997 $aUNISALENTO 998 $ale008$b01-04-03$cm$da $e-$fita$git $h0$i1